នាងតុកកែ​ : (Record no. 8081)

MARC details
000 -LEADER
fixed length control field 02487nam a22003017a 4500
001 - CONTROL NUMBER
control field 8081
003 - CONTROL NUMBER IDENTIFIER
control field FISKH
005 - DATE AND TIME OF LATEST TRANSACTION
control field 20250821162255.0
008 - FIXED-LENGTH DATA ELEMENTS--GENERAL INFORMATION
fixed length control field 250821b cb ||||| |||| 00| 0 eng d
020 ## - INTERNATIONAL STANDARD BOOK NUMBER
International Standard Book Number 9789996301827
040 ## - CATALOGING SOURCE
Original cataloging agency FISKH
Language of cataloging khr
Transcribing agency FISKH
Modifying agency FISKH
050 ## - LIBRARY OF CONGRESS CALL NUMBER
Classification number PZ7
082 ## - DEWEY DECIMAL CLASSIFICATION NUMBER
Classification number 800
100 ## - MAIN ENTRY--PERSONAL NAME
Personal name Pisey, Pol
245 ## - TITLE STATEMENT
Title នាងតុកកែ​ :
Remainder of title The geckos /
Statement of responsibility, etc. និពន្ធដោយ អ្នកស្រី ប៉ុល ពិសី : កែសម្រួលដោយ អ្នកស្រី គឺមស៊ុន សុធារី
260 ## - PUBLICATION, DISTRIBUTION, ETC.
Place of publication, distribution, etc. Phnom Penh :
Name of publisher, distributor, etc. Reading Book ,
Date of publication, distribution, etc. 2013.
300 ## - PHYSICAL DESCRIPTION
Extent 25 pages :
Other physical details color illustrations ;
Dimensions 17 X 25 cm .
505 ## - FORMATTED CONTENTS NOTE
Formatted contents note K <br/>
520 ## - SUMMARY, ETC.
Summary, etc. រូសាជាតុកកែក្រមុំស្រស់ស្អាតម្នាក់ដែលមិនដែលដុសអនាម័យខ្លួនឯងឡើយ។ តុកកែផ្សេងទៀត នៅក្នុងភូមិមិនតែចូលចិត្តនាងប៉ុណ្ណោះទេ ប៉ុន្តែក៏សើចនាងផងដែរ។ ដូច្នេះ នាងមានអារម្មណ៍សោកស្តាយ ហើយទៅយំម្នាក់ឯង។ បន្ទាប់មក មិត្តរបស់នាងឈ្មោះ សាន់នី បានជួយផ្លាស់ប្តូរអារម្មណ៍របស់នាង និងឲ្យដំបូន្មានអំពីការថែទាំខ្លួន និងរបៀបរស់នៅ។ ដូច្នេះ រូសា បានក្លាយជាតុកកែថ្មីមួយដែលស្អាតណាស់ និងមានអារម្មណ៍ទាក់ទាញចំពោះតុកកែកំលោះៗ។
520 ## - SUMMARY, ETC.
Summary, etc. Rosa was a virgin gecko who had never cleaned up herself. The young fellow geckoes as well as the other geckos in the village were not only fond of her but also tease her, so she felt upset and cried lonely. Then her friend, Sunny, helped her change the feeling and gave advice about her self-care and lifestyle so that Rosa became a new gecko who was very beautiful and attractive to the young fellow geckos .
521 8# - TARGET AUDIENCE NOTE
Target audience note 510 <br/>
Source Lexile estimate <br/>
521 8# - TARGET AUDIENCE NOTE
Target audience note K <br/>
Source Raz-Plus <br/>
650 ## - SUBJECT ADDED ENTRY--TOPICAL TERM
Topical term or geographic name entry element តុកកែ
650 ## - SUBJECT ADDED ENTRY--TOPICAL TERM
Topical term or geographic name entry element Gecko
700 ## - ADDED ENTRY--PERSONAL NAME
Personal name Saren, Kam
Relator term Illustrator
942 ## - ADDED ENTRY ELEMENTS (KOHA)
Source of classification or shelving scheme Dewey Decimal Classification
Koha item type Khmer Books
Suppress in OPAC No
Holdings
Withdrawn status Lost status Source of classification or shelving scheme Damaged status Not for loan Collection Home library Current library Shelving location Date acquired Total Checkouts Full call number Barcode Date last seen Copy number Price effective from Koha item type Date last checked out
    Dewey Decimal Classification     Khmer-English Bilingual / ភាសាខ្មែរ-អង់គ្លេស Footprints International School Library Network Toul Kork Campus Footprints International School Library Network Toul Kork Campus TK Old Khmer Books (Rear Hallway Shelf 3) 09/04/2025   PIS PZ7 800 FISTK04583 09/04/2025 2 09/04/2025 Khmer Books  
    Dewey Decimal Classification     Khmer-English Bilingual / ភាសាខ្មែរ-អង់គ្លេស Footprints International School Library Network Toul Kork Campus Footprints International School Library Network Toul Kork Campus TK Old Khmer Books (Rear Hallway Shelf 3) 09/04/2025   PIS PZ7 800 FISTK04582 09/04/2025 3 09/04/2025 Khmer Books  
    Dewey Decimal Classification     Khmer-English Bilingual / ភាសាខ្មែរ-អង់គ្លេស Footprints International School Library Network Toul Tom Poung Campus Footprints International School Library Network Toul Tom Poung Campus TTP Primary Khmer Bookshelves 08/21/2025   PIS PZ7 800 2025-4195 08/21/2025 1 08/21/2025 Khmer Books  
    Dewey Decimal Classification     Khmer-English Bilingual / ភាសាខ្មែរ-អង់គ្លេស Footprints International School Library Network Toul Tom Poung Campus Footprints International School Library Network Toul Tom Poung Campus TTP Primary Khmer Bookshelves 10/23/2025 1 PIS PZ7 800 FISBK04150 02/02/2026 4 10/23/2025 Khmer Books 01/05/2026
    Dewey Decimal Classification     Khmer-English Bilingual / ភាសាខ្មែរ-អង់គ្លេស Footprints International School Library Network Toul Tom Poung Campus Footprints International School Library Network Toul Tom Poung Campus TTP Primary Khmer Bookshelves 10/23/2025   PIS PZ7 800 FISBK04126 10/23/2025 5 10/23/2025 Khmer Books  
    Dewey Decimal Classification     Khmer-English Bilingual / ភាសាខ្មែរ-អង់គ្លេស Footprints International School Library Network Toul Tom Poung Campus Footprints International School Library Network Toul Tom Poung Campus TTP Primary Khmer Bookshelves 11/11/2025   PIS PZ7 800 FIS04316 11/11/2025 6 11/11/2025 Khmer Books  
    Dewey Decimal Classification     Khmer-English Bilingual / ភាសាខ្មែរ-អង់គ្លេស Footprints International School Library Network Toul Tom Poung Campus Footprints International School Library Network Toul Tom Poung Campus TTP Primary Khmer Bookshelves 11/27/2025   PIS PZ7 800 2025-4954 11/27/2025 7 11/27/2025 Khmer Books